[Event "2023 Standard Chess Dropout Tournament, Round 3"]
[Site "SchemingMind.com"]
[Date "2024.01.10"]
[Round "3"]
[White "Juan Jose Rivas Maceda"]
[Black "Steven DuCharme"]
[Result "1-0"]
[WhiteCountry "PER"]
[BlackCountry "USA"]
[WhiteElo "2522"]
[WhiteRD "62"]
[BlackElo "1509"]
[BlackRD "51"]
[GameID "740997"]

1. e4 d6 2. d4 Nf6 3. Nc3 h6 4. f4 g6 5. Be2 Bg7 6. Nf3 O-O 7. O-O b6 8. e5 Ne8 9. Be3 Bb7 10. e6 fxe6
11. Nh4 Kh7 12. Bd3
1-0

[Event "2023 Standard Chess Dropout Tournament, Round 3"]
[Site "SchemingMind.com"]
[Date "2024.01.11"]
[Round "3"]
[White "Matthew Bailey"]
[Black "Helga1946"]
[Result "1/2-1/2"]
[WhiteCountry "ENG"]
[BlackCountry "GER"]
[WhiteElo "2538"]
[WhiteRD "65"]
[BlackElo "2390"]
[BlackRD "69"]
[GameID "740998"]

1. e4 e5 2. Nf3 Nc6 3. Bb5 a6 4. Ba4 b5 5. Bb3 Bb7 6. d3 Be7 7. O-O Nf6 8. c4 O-O 9. Nc3 bxc4 10. Bxc4 d6
11. a3 Nd4 12. Nxd4 exd4 13. Nd5 Nxd5 14. exd5 Qd7 15. Re1 a5 16. Qf3 a4 17. Bd2 Bf6 18. b4 axb3 19. Bxb3 Ba6 20. a4 Rfb8
21. Ra3 Qd8 22. a5 Bg5 23. Qd1 Bxd2 24. Qxd2 g6 25. Bc4 Qf6 26. Qc2 Kg7 27. Raa1 h5 28. h3 Rc8 29. Bxa6 Rxa6 30. Qc4 Rca8
31. Qb4 g5 32. Rec1 R6a7 33. Re1 Kg6 34. Re4 Qf5 35. Qb5 c5 36. Re8 Rxe8 37. Qxe8 Ra6 38. Qg8+ Kh6 39. Qh8+=
1/2-1/2

[Event "2023 Standard Chess Dropout Tournament, Round 3"]
[Site "SchemingMind.com"]
[Date "2024.01.10"]
[Round "3"]
[White "mochiron"]
[Black "slotheman"]
[Result "0-1"]
[WhiteCountry "JPN"]
[BlackCountry "USA"]
[WhiteElo "1383"]
[WhiteRD "70"]
[BlackElo "1572"]
[BlackRD "120"]
[GameID "741000"]

1. d4 a6 2. Bf4 Nf6 3. Nf3 g6 4. e3 Bg7 5. Be2 O-O 6. Nc3 b5 7. O-O b4 8. Be5 bxc3 9. bxc3 d6 10. Bxf6 Bxf6
11. h3 Bb7 12. d5 Bxc3 13. Rb1 Ra7 14. Nh2 c6 15. dxc6 Bxc6 16. Ng4 Bg7 17. Qd2 Nd7 18. f4 Nc5 19. Bf3 Bb5 20. Rxb5 axb5
21. e4 Rxa2 22. Nf2 Qb6 23. e5 dxe5 24. fxe5 Bxe5 25. Ng4 Nb3+
0-1

[Event "2023 Standard Chess Dropout Tournament, Round 3"]
[Site "SchemingMind.com"]
[Date "2024.01.09"]
[Round "3"]
[White "Ninaner2"]
[Black "private napoleon"]
[Result "1-0"]
[WhiteCountry "NED"]
[BlackCountry "ENG"]
[WhiteElo "2411"]
[WhiteRD "95"]
[BlackElo "1671"]
[BlackRD "89"]
[GameID "741001"]

1. d4 d5 2. c4 e6 3. Nc3 Bb4 4. Nf3 Nf6 5. Bg5 O-O 6. e3 c6 7. cxd5 cxd5 8. Rc1 Nbd7 9. Bd3 Qa5 10. O-O Re8
11. Nb5 Rf8 12. Nc7 Rb8 13. a3 Bd6 14. Nb5 Qb6 15. Nxd6 Qxd6 16. Bf4 Qb6 17. Qc2 a6 18. Bxb8 Nxb8 19. Qxc8
1-0

[Event "2023 Standard Chess Dropout Tournament, Round 3"]
[Site "SchemingMind.com"]
[Date "2024.01.11"]
[Round "3"]
[White "NYNH"]
[Black "pompey"]
[Result "0-1"]
[WhiteCountry "USA"]
[BlackCountry "ENG"]
[WhiteElo "1976"]
[WhiteRD "106"]
[BlackElo "2508"]
[BlackRD "111"]
[GameID "741002"]

1. c4 Nf6 2. Nc3 e5 3. g3 Bb4 4. e4 O-O 5. Nge2 Nc6 6. Bg2 d6 7. O-O a6 8. h3 Bc5 9. d3 h6 10. Kh2 Nd4
11. Nxd4 Bxd4 12. Ne2 Ba7 13. Qc2 b5 14. b3 Rb8 15. f4 bxc4 16. dxc4 exf4 17. gxf4 Nh5 18. Bb2 Qh4 19. Qc3 Nf6 20. Qg3 Ng4+
21. Kh1 Qxg3 22. Nxg3 Ne3 23. Rf3 f5 24. Nxf5 Bxf5 25. exf5 Nxf5 26. Re1 Rbe8 27. Rb1 Re7 28. Bf1 Nh4 29. Rd3 Rxf4 30. Rdd1 Re3
31. Kh2 Rf2+ 32. Kg1 Rg3+
0-1

[Event "2023 Standard Chess Dropout Tournament, Round 3"]
[Site "SchemingMind.com"]
[Date "2024.01.11"]
[Round "3"]
[White "Thomas Meehan"]
[Black "Brerrabbit"]
[Result "1-0"]
[WhiteCountry "ENG"]
[BlackCountry "SCO"]
[WhiteElo "1541"]
[WhiteRD "144"]
[BlackElo "1168"]
[BlackRD "82"]
[GameID "741003"]

1. c4 e5 2. Nc3 Nf6 3. g3 Bb4 4. Bg2 O-O 5. Nf3 d5 6. cxd5 Nxd5 7. Nxe5 Nxc3 8. bxc3 Bc5 9. Qb3 Bxf2+ 10. Kxf2 Qf6+
11. Nf3 b6 12. Rf1 Ba6 13. d3 Nc6 14. Kg1 Ne5 15. Nxe5 Bc8 16. Rxf6
1-0

[Event "2023 Standard Chess Dropout Tournament, Round 3"]
[Site "SchemingMind.com"]
[Date "2024.01.06"]
[Round "3"]
[White "pawngrabber"]
[Black "Mike Winslow"]
[Result "0-1"]
[WhiteCountry "ENG"]
[BlackCountry "USA"]
[WhiteElo "1804"]
[WhiteRD "62"]
[BlackElo "2030"]
[BlackRD "95"]
[GameID "741005"]

1. d4 Nf6 2. c4 c5 3. d5 e6 4. dxe6 fxe6 5. g3 Nc6 6. Bg2 d5 7. cxd5 exd5 8. Nf3 Be7 9. O-O O-O 10. e3 Ne4
11. Nbd2 Bg4 12. Qb3 Na5 13. Qc2 Nc4 14. b3 Ncxd2 15. Nxd2 Bf6 16. Rb1 Nc3 17. Rb2 Ne2+ 18. Kh1 Nxc1 19. Qxc1 Bxb2 20. Qxb2 Qd7
21. Nb1 Bf3 22. Qd2 Rad8 23. Nc3 Qc6 24. Ne2 d4 25. Bxf3 Qxf3+ 26. Kg1 dxe3
0-1

[Event "2023 Standard Chess Dropout Tournament, Round 3"]
[Site "SchemingMind.com"]
[Date "2024.01.07"]
[Round "3"]
[White "peeuukoo"]
[Black "Michael Christensen"]
[Result "1-0"]
[WhiteCountry "FIN"]
[BlackCountry "GER"]
[WhiteElo "1822"]
[WhiteRD "101"]
[BlackElo "1662"]
[BlackRD "93"]
[GameID "741006"]

1. d4 g6 2. c4 Bg7 3. Nc3 d6 4. Nf3 e6 5. e4 Nf6 6. Be2 Nbd7 7. O-O c5 8. d5 exd5 9. exd5 O-O 10. Bg5 Re8
11. h3 Ne5 12. Qd2 Bf5 13. Nh4 Bd7 14. f4 Bxh3 15. fxe5 Rxe5 16. gxh3 Qd7 17. Bxf6 Bxf6 18. Rxf6 Qxh3 19. Ng2 Qg3 20. Qf4
1-0

[Event "2023 Standard Chess Dropout Tournament, Round 3"]
[Site "SchemingMind.com"]
[Date "2024.01.11"]
[Round "3"]
[White "Dan Geana"]
[Black "Udo Sprang"]
[Result "1-0"]
[WhiteCountry "ROU"]
[BlackCountry "NED"]
[WhiteElo "2602"]
[WhiteRD "121"]
[BlackElo "2054"]
[BlackRD "108"]
[GameID "741007"]

1. c4 e5 2. Nc3 Nc6 3. Nf3 Nf6 4. g3 Bb4 5. Nd5 e4 6. Nh4 O-O 7. Bg2 d6 8. Nxb4 Nxb4 9. a3 Nc6 10. d3 Re8
11. O-O h6 12. dxe4 Nxe4 13. Qc2 Qe7 14. b4 g5 15. Nf3 Bf5 16. Qb3 Qe6 17. b5 Nc5 18. Qa2 Ne5 19. Nd4 Qg6 20. Nxf5 Qxf5
21. f4 gxf4 22. Rxf4 Qg6 23. a4 Ng4 24. h3 Ne5 25. Kh2 Rad8 26. Bb2 Re7 27. Bc3 Rde8 28. Raf1 b6 29. Bd5 Ncd7 30. R1f2 Rf8
31. Qa3 Qg5 32. Bd2 Qg6 33. Qc1 Rfe8 34. Rh4 Nf6 35. Rxh6 Nfg4+ 36. hxg4 Nxg4+ 37. Kg1 Nxh6 38. Bxh6 Kh7 39. Bg5 Rxe2 40. Rxf7+ Qxf7
41. Bxf7 Re1+ 42. Qxe1 Rxe1+ 43. Kf2 Re5 44. Bf4 Rf5 45. Bd5 Kg7 46. Kf3 Rh5 47. Kg4
1-0

[Event "2023 Standard Chess Dropout Tournament, Round 3"]
[Site "SchemingMind.com"]
[Date "2024.01.06"]
[Round "3"]
[White "pmdpsp"]
[Black "Andrea Carra"]
[Result "0-1"]
[WhiteCountry "GER"]
[BlackCountry "ITA"]
[WhiteElo "1667"]
[WhiteRD "72"]
[BlackElo "1923"]
[BlackRD "101"]
[GameID "741009"]

1. g4 d5 2. Bg2 Bxg4 3. c4 c6 4. cxd5 cxd5 5. Qb3 Nf6 6. Qxb7 Qc8 7. Qxc8+ Bxc8 8. Nc3 e6 9. Nf3 Nc6 10. a3 Rb8
11. O-O Bd6 12. h3 O-O 13. b4 Bb7 14. b5 Ne5 15. d3 Rfc8 16. Bd2 Rc7 17. a4 Nxf3+ 18. Bxf3 Be5 19. Rfc1 Rbc8 20. Ra3 Nd7
21. e3 Bd6 22. Rb3 Nc5 23. Rbb1 Nxd3 24. Rc2 Ne5 25. Bg2 Nc4 26. Bc1 Na5 27. Bb2 Be5 28. Nxd5 Rxc2 29. Ne7+ Kf8 30. Nxc8 Bxb2
31. Bxb7 Nxb7 32. Nxa7 Rc1+ 33. Rxc1 Bxc1 34. b6 Bb2 35. Nc6 Bc3 36. a5 Nxa5
0-1

[Event "2023 Standard Chess Dropout Tournament, Round 3"]
[Site "SchemingMind.com"]
[Date "2024.01.09"]
[Round "3"]
[White "pnwmusichound"]
[Black "mochiron"]
[Result "1-0"]
[WhiteCountry "USA"]
[BlackCountry "JPN"]
[WhiteElo "1848"]
[WhiteRD "115"]
[BlackElo "1383"]
[BlackRD "70"]
[GameID "741010"]

1. e4 c6 2. f4 d5 3. e5 Bf5 4. Nf3 e6 5. Be2 Bc5 6. d4 Ne7 7. dxc5 Ng6 8. Be3 Nh4 9. O-O Nxf3+ 10. Rxf3 Be4
11. Rg3 O-O 12. Nd2 Nd7 13. c4 f5 14. Nxe4 fxe4 15. cxd5 cxd5 16. Qd2 Rf5 17. Bg4 Rf7 18. Bxe6 Qe8 19. Bxf7+ Qxf7 20. Rf1 Rc8
21. b4 Qe7 22. Qxd5+ Kh8 23. Qxb7 Rg8 24. Qxe4 Nf6 25. Qf3 Nd7 26. Bd4 Qd8 27. Rd1 Nb8 28. e6 Qe7 29. f5 Na6 30. f6 gxf6
31. Bxf6+
1-0

[Event "2023 Standard Chess Dropout Tournament, Round 3"]
[Site "SchemingMind.com"]
[Date "2024.01.11"]
[Round "3"]
[White "pompey"]
[Black "Jari Laine"]
[Result "1/2-1/2"]
[WhiteCountry "ENG"]
[BlackCountry "FIN"]
[WhiteElo "2508"]
[WhiteRD "111"]
[BlackElo "2545"]
[BlackRD "90"]
[GameID "741011"]

1. e4 e5 2. Nf3 Nc6 3. d4 exd4 4. Nxd4 Nf6 5. Nc3 Nxe4 6. Nxe4 Qe7 7. f3 d5 8. Bb5 Bd7 9. O-O dxe4 10. Bxc6 bxc6
11. Re1 O-O-O 12. Rxe4 Qb4 13. Nb3 Qb7 14. Qe2 Bd6 15. Be3 Rhe8 16. Qf2 Rxe4 17. fxe4 a5 18. c3 a4 19. Nc5 Bxc5 20. Bxc5 Be6
21. Bd4 c5 22. Bxg7 Qxe4 23. Re1 Qg6 24. Be5 Bxa2 25. Qxc5 Qb6 26. Qxb6 cxb6 27. Bd4 Kb7 28. Re5 Rd6 29. Rf5 Kc6 30. g3 Be6
31. Rf4 Rd7 32. g4 b5 33. Kf2 Bc4 34. Ke3 Re7+ 35. Re4 Re6 36. Rxe6+ Bxe6 37. g5 Kd5=
1/2-1/2

[Event "2023 Standard Chess Dropout Tournament, Round 3"]
[Site "SchemingMind.com"]
[Date "2024.01.11"]
[Round "3"]
[White "private napoleon"]
[Black "Dan Geana"]
[Result "0-1"]
[WhiteCountry "ENG"]
[BlackCountry "ROU"]
[WhiteElo "1665"]
[WhiteRD "95"]
[BlackElo "2602"]
[BlackRD "121"]
[GameID "741012"]

1. e4 c5 2. c4 Nc6 3. g3 g6 4. Bg2 Bg7 5. Nc3 d6 6. Nge2 e5 7. O-O Nge7 8. f4 Bg4 9. h3 Bxe2 10. Qxe2 Nd4
11. Qd1 exf4 12. gxf4 a6 13. d3 b5 14. Be3 O-O 15. cxb5 axb5 16. Kh2 b4 17. Ne2 Nec6 18. Bxd4 Nxd4 19. Nxd4 Bxd4 20. Qc2 Qe7
21. a3 bxa3 22. Rxa3 Rfb8 23. Rxa8 Rxa8 24. e5 Ra2 25. exd6 Qxd6 26. Qc4 Rxb2 27. Kh1 Qf6 28. Qd5 Rd2 29. f5 g5 30. Re1 g4
31. Qe4 h5 32. Rf1 Kg7 33. Re1 gxh3 34. Bxh3 Qd6 35. f6+ Kh6 36. Re2 Qg3
0-1

[Event "2023 Standard Chess Dropout Tournament, Round 3"]
[Site "SchemingMind.com"]
[Date "2024.01.06"]
[Round "3"]
[White "Raymond de Kemp"]
[Black "Stephen Dunning"]
[Result "0-1"]
[WhiteCountry "NED"]
[BlackCountry "WLS"]
[WhiteElo "1819"]
[WhiteRD "65"]
[BlackElo "1936"]
[BlackRD "79"]
[GameID "741013"]

1. d4 d5 2. Bf4 c5 3. e3 cxd4 4. exd4 Nc6 5. c3 Bf5 6. Nf3 e6 7. Nbd2 Bd6 8. Bg3 Nge7 9. Be2 Ng6 10. Bxd6 Qxd6
11. O-O O-O 12. h3 f6 13. Re1 Rac8 14. c4 Nb4 15. c5 Qc7 16. Rc1 Nxa2 17. Ra1 Nb4 18. Rf1 Nf4 19. Ne1 Nc2 20. Ra4 Qc6
21. Rxa7 Nxe2+ 22. Qxe2 Nxd4 23. Qe3 Qxc5 24. Nd3 Qxa7
0-1

[Event "2023 Standard Chess Dropout Tournament, Round 3"]
[Site "SchemingMind.com"]
[Date "2024.01.07"]
[Round "3"]
[White "Reun29"]
[Black "P Pettersson"]
[Result "1-0"]
[WhiteCountry "SUI"]
[BlackCountry "SWE"]
[WhiteElo "2021"]
[WhiteRD "104"]
[BlackElo "1343"]
[BlackRD "141"]
[GameID "741014"]

1. e4 c5 2. c3 Nf6 3. e5 Nd5 4. d4 cxd4 5. Nf3 Nc6 6. cxd4 d6 7. Bc4 Nb6 8. Bb5 Bd7 9. Nc3 dxe5 10. Nxe5 Nxe5
11. dxe5 Bxb5 12. Nxb5 Qxd1+ 13. Kxd1 Nd5 14. Bd2 e6 15. Rc1 Kd7 16. Ke2 Be7 17. Rhd1 Rhc8 18. Nc3 Nxc3+ 19. Bxc3+ Ke8 20. Bd2 Bc5
21. Be3 b6 22. Bxc5 bxc5 23. Rd6 Ke7 24. Rcd1 a5 25. Rd7+ Ke8 26. Rb7 Rd8 27. Rxd8+ Kxd8 28. Rb5 c4 29. Kd2 Kc7 30. Rc5+ Kb6
31. Rxc4 Rd8+ 32. Ke3 g5 33. g3 Kb5 34. Rc7 Rf8 35. h3 h5 36. b3 a4 37. bxa4+ Kxa4 38. f4 gxf4+ 39. Kxf4 Ka3 40. Ra7+ Kb2
41. Kg5 Rh8 42. a4 Kb3 43. a5 Kb4 44. a6 Kb5 45. Rxf7 Kxa6 46. Rf6 Kb6 47. Rxe6+ Kc7 48. Rh6 Rg8+ 49. Kh4 Kd7 50. Rxh5 Re8
51. g4 Ke6 52. Rf5 Rh8+ 53. Kg3 Rh7 54. h4 Kd5 55. h5 Rc7 56. h6 Rc1 57. h7 Rh1 58. Rh5 Rxh5 59. gxh5 Kxe5 60. h8=Q+ Kf5
61. Qh7+ Ke5 62. Qg7+ Kf5 63. h6 Ke4 64. h7 Kd5 65. h8=Q
1-0

[Event "2023 Standard Chess Dropout Tournament, Round 3"]
[Site "SchemingMind.com"]
[Date "2024.01.09"]
[Round "3"]
[White "Rommel85"]
[Black "George Dimitrov"]
[Result "1/2-1/2"]
[WhiteCountry "CUB"]
[BlackCountry "BUL"]
[WhiteElo "2527"]
[WhiteRD "77"]
[BlackElo "2515"]
[BlackRD "91"]
[GameID "741015"]

1. e4 e5 2. Nf3 Nc6 3. Bc4 Bc5 4. c3 Nf6 5. d3 d6 6. O-O a6 7. Re1 O-O 8. h3 h6 9. Nbd2 Re8 10. a4 Be6
11. Bxe6 Rxe6 12. b4 Ba7 13. Bb2 Nh5 14. Nf1 Ne7 15. Bc1 d5 16. Be3 Bxe3 17. Nxe3 Nf6 18. Qc2 c6 19. g3 b6 20. Kg2 a5
21. Reb1 Qc7 22. Nd2=
1/2-1/2

[Event "2023 Standard Chess Dropout Tournament, Round 3"]
[Site "SchemingMind.com"]
[Date "2024.01.06"]
[Round "3"]
[White "Ronald R. Nurmi"]
[Black "Abstract Actuary"]
[Result "0-1"]
[WhiteCountry "USA"]
[BlackCountry "USA"]
[WhiteElo "1748"]
[WhiteRD "81"]
[BlackElo "1871"]
[BlackRD "87"]
[GameID "741016"]

1. d4 e6 2. c4 Nf6 3. Nf3 Bb4+ 4. Nbd2 O-O 5. a3 Bxd2+ 6. Qxd2 d5 7. e3 b6 8. b4 c5 9. dxc5 bxc5 10. cxd5 Nxd5
11. Bd3 cxb4 12. axb4 Nc6 13. b5 Nce7 14. O-O Bb7 15. Be2 Qb6 16. Ne5 Rfd8 17. Qb2 Rac8 18. Ra4 Nc3 19. Rb4 Ned5 20. Rd4 Nxe2+
21. Qxe2 Nc3 22. Qb2 Rxd4 23. exd4 Qxb5 24. Qd2 Ne2+
0-1

[Event "2023 Standard Chess Dropout Tournament, Round 3"]
[Site "SchemingMind.com"]
[Date "2024.01.06"]
[Round "3"]
[White "Schaakmaatje"]
[Black "pmdpsp"]
[Result "1-0"]
[WhiteCountry "NED"]
[BlackCountry "GER"]
[WhiteElo "2122"]
[WhiteRD "152"]
[BlackElo "1667"]
[BlackRD "72"]
[GameID "741017"]

1. e4 d6 2. Nc3 e5 3. f4 Nc6 4. Nf3 f5 5. Bc4 fxe4 6. Bxg8 Rxg8 7. Nxe4 Bf5 8. d3 d5 9. Ng3 Bg6 10. fxe5 Qe7
11. O-O O-O-O 12. Bg5 Qd7 13. Bxd8
1-0

[Event "2023 Standard Chess Dropout Tournament, Round 3"]
[Site "SchemingMind.com"]
[Date "2024.01.06"]
[Round "3"]
[White "Stephen Dunning"]
[Black "splinter"]
[Result "1/2-1/2"]
[WhiteCountry "WLS"]
[BlackCountry "CAN"]
[WhiteElo "1936"]
[WhiteRD "79"]
[BlackElo "1928"]
[BlackRD "86"]
[GameID "741018"]

1. c4 c5 2. Nf3 Nc6 3. Nc3 Nf6 4. g3 g6 5. d4 cxd4 6. Nxd4 Bg7 7. Bg2 Nxd4 8. Qxd4 O-O 9. O-O d6 10. Qd3 Rb8
11. Bd2 b6 12. Rac1 Nd7 13. b3 Bb7 14. Bxb7 Rxb7 15. Bf4 Nc5 16. Qd2 Rd7 17. Bh6 e6 18. Bxg7 Kxg7 19. b4 Nb7 20. Qd4+ f6
21. Rcd1 Qe7 22. Nb5 Ra8 23. c5 bxc5 24. bxc5 Nxc5 25. Nxd6 Rad8 26. Qxc5 Rxd6 27. Rxd6=
1/2-1/2

[Event "2023 Standard Chess Dropout Tournament, Round 3"]
[Site "SchemingMind.com"]
[Date "2024.01.11"]
[Round "3"]
[White "slotheman"]
[Black "James Reed"]
[Result "1-0"]
[WhiteCountry "USA"]
[BlackCountry "ENG"]
[WhiteElo "1531"]
[WhiteRD "126"]
[BlackElo "1295"]
[BlackRD "92"]
[GameID "741019"]

1. Nf3 d5 2. g3 Nf6 3. Bg2 c6 4. O-O Bg4 5. c4 dxc4 6. Na3 b5 7. Ne5 Nfd7 8. Nxg4 e6 9. d4 a6 10. Bf4 Be7
11. e4 h5 12. Ne5 Nxe5 13. Bxe5 Bf6 14. f4 Bxe5 15. fxe5 g6 16. Qf3 O-O 17. Rad1 Nd7 18. Qe3 Kg7 19. Nc2 Qa5 20. a3 Qc7
21. Qg5 Rh8 22. Bh3 Qd8 23. Qf4 Qe7 24. Nb4 Rhc8 25. d5 Nc5 26. d6 Qd7 27. Rd2 Nb3 28. Qf6+ Kg8 29. Rg2 c5 30. Bxe6 Qxe6
31. Nd5 Ra7 32. h4 Rb7= 33. g4 Qxf6 34. Nxf6+ Kf8 35. gxh5 Nd4 36. hxg6 fxg6 37. Rxg6 Rg7 38. Nd7+ Kg8 39. h5
1-0

[Event "2023 Standard Chess Dropout Tournament, Round 3"]
[Site "SchemingMind.com"]
[Date "2024.01.07"]
[Round "3"]
[White "splinter"]
[Black "Wojtek26"]
[Result "1-0"]
[WhiteCountry "CAN"]
[BlackCountry "POL"]
[WhiteElo "1928"]
[WhiteRD "86"]
[BlackElo "1469"]
[BlackRD "78"]
[GameID "741020"]

1. c4 e5 2. Nc3 Nf6 3. g3 Nc6 4. Bg2 d6 5. Nf3 Be7 6. O-O O-O 7. d4 exd4 8. Nxd4 Nxd4 9. Qxd4 Nd7 10. Nd5 Nf6
11. Nxe7+ Qxe7 12. Bg5 h6 13. Bf4 Nd7 14. e4 Re8 15. Rad1 Nc5 16. Bc1 Bd7 17. Rfe1 Bc6 18. b4 Ne6 19. Qc3 Nf8 20. b5 Bd7
21. e5 b6 22. exd6 Qd8 23. Rxe8 Qxe8 24. Bb2 Ne6 25. Bxa8
1-0

[Event "2023 Standard Chess Dropout Tournament, Round 3"]
[Site "SchemingMind.com"]
[Date "2024.01.11"]
[Round "3"]
[White "spoke"]
[Black "Wojciech  Langer"]
[Result "1-0"]
[WhiteCountry "GER"]
[BlackCountry "INT"]
[WhiteElo "1821"]
[WhiteRD "71"]
[BlackElo "1615"]
[BlackRD "109"]
[GameID "741021"]

1. e4 c5 2. Nf3 d6 3. d4 cxd4 4. Nxd4 Nf6 5. Nc3 a6 6. f4 e5 7. Nf3 Nbd7 8. a4 Be7 9. Bd3 O-O 10. O-O exf4
11. Kh1 Nc5 12. Bxf4 Bg4 13. Qe1 Ne6 14. Bg3 Bh5 15. Nd5 Bg6 16. Nh4 Bh5 17. Nf5 Nxd5 18. exd5 Re8 19. dxe6 Bg6 20. exf7+ Bxf7
21. Qe4 Bg6 22. Nxe7+ Rxe7 23. Qd5+ Kh8 24. Bxg6 hxg6 25. Qxd6 Qe8 26. Qf4 Rc8 27. Rae1 Re6 28. c3 Kg8 29. Rxe6 Qxe6 30. Re1 Qb3
31. Qb4 Qf7 32. Qe7 Qd5 33. Qe6+
1-0

[Event "2023 Standard Chess Dropout Tournament, Round 3"]
[Site "SchemingMind.com"]
[Date "2024.01.06"]
[Round "3"]
[White "The Chess Machine"]
[Black "Ninaner2"]
[Result "1/2-1/2"]
[WhiteCountry "ENG"]
[BlackCountry "NED"]
[WhiteElo "2513"]
[WhiteRD "63"]
[BlackElo "2411"]
[BlackRD "95"]
[GameID "741022"]

1. e4 c5 2. Nf3 d6 3. d4 cxd4 4. Nxd4 Nf6 5. f3 e5 6. Nb3 Be6 7. c4 Nbd7 8. Be3 Rc8 9. Nc3 Bxc4 10. Bxc4 Rxc4
11. Qd3 Rc8 12. Bxa7 b6 13. O-O d5 14. exd5 Bb4 15. Nb5 O-O 16. d6 Nh5 17. Qe4 Bc5+ 18. Nxc5 Rxc5 19. a4 Qg5 20. b4 Nf4
21. g3 Nf6 22. Qb1 Rc6 23. Kh1 N4d5 24. a5 e4 25. axb6 Nxb6 26. Nd4 Rxd6 27. Qc1 Qd5 28. Qc5 Qxd4 29. Qxd4 Rxd4 30. Bxb6 Rd7
31. fxe4 Nxe4 32. Rfb1 h5 33. b5=
1/2-1/2

[Event "2023 Standard Chess Dropout Tournament, Round 3"]
[Site "SchemingMind.com"]
[Date "2024.01.08"]
[Round "3"]
[White "TigerFeet"]
[Black "Erik Johnson"]
[Result "1-0"]
[WhiteCountry "ENG"]
[BlackCountry "USA"]
[WhiteElo "2103"]
[WhiteRD "77"]
[BlackElo "1736"]
[BlackRD "72"]
[GameID "741023"]

1. e4 d5 2. exd5 Qxd5 3. Nc3 Qa5 4. Bc4 Nf6 5. d3 c6 6. Bd2 Qd8 7. Qe2 Bg4 8. f3 Bh5 9. g4 Bg6 10. f4 h6
11. f5 Bh7 12. O-O-O b5 13. Bb3 Qd7 14. Nf3 g5 15. Bxf7+ Kd8 16. Ne5 Qd6 17. Be6 Bg8 18. Bxg8 Rxg8 19. Nf7+
1-0

[Event "2023 Standard Chess Dropout Tournament, Round 3"]
[Site "SchemingMind.com"]
[Date "2024.01.07"]
[Round "3"]
[White "trazadora"]
[Black "Matthew Bailey"]
[Result "1/2-1/2"]
[WhiteCountry "CUB"]
[BlackCountry "ENG"]
[WhiteElo "2551"]
[WhiteRD "81"]
[BlackElo "2547"]
[BlackRD "71"]
[GameID "741024"]

1. c4 e5 2. Nc3 Nf6 3. Nf3 Nc6 4. e4 Bc5 5. Nxe5 Nxe5 6. d4 Bb4 7. dxe5 Nxe4 8. Qf3 Nxc3 9. bxc3 Ba5 10. Bf4 O-O
11. O-O-O Qe7 12. Kb2 Rb8 13. Qe3 b5 14. c5 b4 15. c4 b3 16. a3 Bb7 17. Qd4 Rbe8 18. h4 Qe6 19. Rh3 f6 20. Re3 Qf5
21. Bd3 fxe5 22. Bxf5 exd4 23. Rxe8 Bc3+ 24. Kxb3 Rxe8 25. Bxd7 Rb8 26. Bxc7 Bf3+ 27. Bxb8 Bxd1+ 28. Ka2 d3 29. Bf4 d2 30. c6 Bb3+
31. Kxb3 d1=Q+ 32. Kxc3 Kf7 33. Kb4 Qb1+ 34. Kc5=
1/2-1/2

[Event "2023 Standard Chess Dropout Tournament, Round 3"]
[Site "SchemingMind.com"]
[Date "2024.01.11"]
[Round "3"]
[White "Udo Sprang"]
[Black "TigerFeet"]
[Result "1/2-1/2"]
[WhiteCountry "NED"]
[BlackCountry "ENG"]
[WhiteElo "2054"]
[WhiteRD "108"]
[BlackElo "2121"]
[BlackRD "83"]
[GameID "741025"]

1. e4 c5 2. Nf3 Nc6 3. Bb5 Nf6 4. Nc3 g6 5. e5 Ng4 6. Bxc6 dxc6 7. h3 Nh6 8. g4 Bg7 9. d3 O-O 10. Be3 f5
11. exf6 exf6 12. Qd2 Nf7 13. O-O-O Qa5 14. a3 f5 15. Rhg1 Be6 16. Rde1 Rae8 17. Ne2 Qxd2+ 18. Nxd2 b6 19. Nf4 Bd7 20. g5 Ne5
21. h4 Be6 22. h5 Bf7 23. hxg6 hxg6 24. f3 Bd5 25. Bf2 Bxf3 26. Nxg6 Nxg6 27. Nxf3 Rxe1+ 28. Rxe1 Kf7 29. c3 Nf4 30. Kc2 Rd8
31. d4 c4 32. g6+ Kxg6 33. Bg3 Nd5 34. Re6+ Kh5 35. Rxc6 Ne3+ 36. Kb1 Kg4 37. Ne5+ Bxe5 38. Bxe5 f4 39. Rg6+ Kf3 40. Kc1 Rf8
41. Kd2 Ke4 42. Re6 Kf5 43. Re7 Rg8 44. Rf7+ Ke6 45. Rxf4 Nd5 46. Rf2 b5 47. Rh2=
1/2-1/2

[Event "2023 Standard Chess Dropout Tournament, Round 3"]
[Site "SchemingMind.com"]
[Date "2024.01.11"]
[Round "3"]
[White "Wojciech  Langer"]
[Black "echecs"]
[Result "1/2-1/2"]
[WhiteCountry "INT"]
[BlackCountry "ENG"]
[WhiteElo "1626"]
[WhiteRD "113"]
[BlackElo "1769"]
[BlackRD "100"]
[GameID "741026"]

1. Nf3 d6 2. d4 Nf6 3. c4 e6 4. Nc3 Be7 5. e4 O-O 6. Be2 c6 7. O-O b6 8. e5 dxe5 9. Nxe5 Bb7 10. Bf3 Nfd7
11. Bf4 Nxe5 12. Bxe5 Bf6 13. Bxf6 Qxf6 14. Ne4 Qe7 15. Qc2 Nd7 16. Nc3 Nf6 17. Rfe1 Qc7 18. Rad1 Rad8 19. Ne4 Nxe4 20. Bxe4 g6
21. h4 f5 22. Bf3 Rfe8 23. b4 a6 24. a4 Ba8 25. Rd2 c5 26. Bxa8 Rxa8 27. dxc5 bxc5 28. b5 axb5 29. axb5 Qb6 30. f4 Ra5
31. Red1 Qa7 32. Qc3 Ra2 33. Rd8 Qe7 34. Rxe8+ Qxe8 35. Qb3 Ra8 36. Qc3 Kf7 37. Qe5 Qe7 38. Qe1 Ra4 39. Rc1 h6 40. Qd1 Rb4
41. g3 Kf6 42. Qd2 Rb3 43. Rc3 Rb1+ 44. Rc1 Rb3 45. Kg2 Qb7+ 46. Kh2 Qf3 47. Qd8+ Kf7 48. Qd7+ Kf6 49. Qd8+ Kf7=
1/2-1/2

[Event "2023 Standard Chess Dropout Tournament, Round 3"]
[Site "SchemingMind.com"]
[Date "2024.01.06"]
[Round "3"]
[White "Wojtek26"]
[Black "Raymond de Kemp"]
[Result "0-1"]
[WhiteCountry "POL"]
[BlackCountry "NED"]
[WhiteElo "1469"]
[WhiteRD "78"]
[BlackElo "1819"]
[BlackRD "65"]
[GameID "741027"]

1. d4 Nf6 2. e3 d5 3. Nf3 Bf5 4. Nbd2 Nc6 5. c4 dxc4 6. Bxc4 Qd7 7. O-O Bg4 8. a3 e6 9. b4 Bd6 10. Bb2 e5
11. dxe5 Nxe5 12. Bxe5 Be7 13. Qb3 O-O 14. Bxf6 Bxf6 15. Rad1 b5 16. Ne4 Qf5 17. Nxf6+ Qxf6 18. Be2 Be6 19. Qc2 a6 20. h3 Rac8
21. Nd4 Bd7 22. Qc5 Rfe8 23. Nf3 Bc6 24. Nd4 Bd7 25. Nf3 Re7 26. Rd4 Bc6 27. Rfd1 Re6 28. Ng5 Re5 29. Qxe5 Qxe5 30. Rd8+ Rxd8
0-1

[Event "2023 Standard Chess Dropout Tournament, Round 4"]
[Site "SchemingMind.com"]
[Date "2024.05.28"]
[Round "4"]
[White "Abstract Actuary"]
[Black "pompey"]
[Result "0-1"]
[WhiteCountry "USA"]
[BlackCountry "ENG"]
[WhiteElo "1889"]
[WhiteRD "92"]
[BlackElo "2510"]
[BlackRD "119"]
[GameID "744795"]

1. e4 e5 2. Nf3 Nc6 3. c3 Nf6 4. d4 Nxe4 5. d5 Ne7 6. Nxe5 Ng6 7. Nxg6 hxg6 8. Bd3 Nc5 9. Bc2 d6 10. Be3 Be7
11. Nd2 Bf5 12. Bxf5 gxf5 13. Qc2 g6 14. O-O-O Bf6 15. Rde1 Kf8 16. f3 Qd7 17. h3 Qb5 18. Bxc5 Qxc5 19. c4 b5 20. b3 bxc4
21. Qxc4 Qa3+ 22. Kd1 Qxa2 23. Qxc7 Kg7 24. Qc2 Qa1+ 25. Qb1 Qd4 26. Re2 a5 27. Rhe1 a4 28. b4 a3 29. Qa2 Rhb8 30. g4 Rxb4
31. gxf5 Rb1+ 32. Qxb1 a2
0-1